[Event "Avoine op 32nd"]
[Site "Avoine"]
[Date "2017.07.23"]
[Round "2"]
[White "Giacomini, Hector"]
[Black "Francois, Adrien"]
[Result "1-0"]
[WhiteElo "2226"]
[BlackElo "1935"]
[PlyCount "73"]
[EventDate "2017.07.22"]
[EventType "swiss"]
[EventRounds "9"]
[EventCountry "FRA"]
[SourceTitle "CBM 179 Extra"]
[Source "ChessBase"]
[SourceDate "2017.08.23"]
[SourceVersion "1"]
[SourceVersionDate "2017.08.23"]
[SourceQuality "1"]

1. Nf3 d5 2. e3 Nf6 3. d4 c5 4. c3 e6 5. Nbd2 Nc6 6. Bd3 Bd6 7. dxc5 Bxc5 8. b4 Be7 9. 0-0 b6 10. Bb2 Bb7 11. a3 0-0 12. c4 dxc4 13. Nxc4 Qd5 14. Qe2 Rfd8 15. Rfd1 Qh5 16. b5 Na5 17. Nxa5 bxa5 18. Ne5 Qxe2 19. Bxe2 Rdc8 20. Rac1 Bd8 21. Nc6 Nd5 22. Bf3 a6 23. Bxd5 exd5 24. Nxd8 Rxd8 25. b6 Rd6 26. Bd4 Rc6 27. Rxc6 Bxc6 28. Rc1 Rc8 29. Be5 f6 30. Bc7 Bb7 31. Rc5 a4 32. f3 Re8 33. Kf2 Re6 34. Ke2 f5 35. Kd3 Kf7 36. Kd4 Ke7 37. Rxd5 1-0

[Event "Liffre op"]
[Site "Liffre"]
[Date "2016.10.22"]
[Round "1"]
[White "Gipouloux, Laurent"]
[Black "Francois, Adrien"]
[Result "0-1"]
[WhiteElo "1686"]
[BlackElo "1907"]
[PlyCount "67"]
[EventDate "2016.10.22"]
[EventType "swiss"]
[EventRounds "9"]
[EventCountry "FRA"]
[SourceTitle "CBM 175 Extra"]
[Source "ChessBase"]
[SourceDate "2016.12.12"]
[SourceVersion "1"]
[SourceVersionDate "2016.12.12"]
[SourceQuality "1"]

1. e4 c5 2. b3 e6 3. Bb2 d5 4. exd5 exd5 5. d4 Nf6 6. Bb5+ Nc6 7. Qe2+ Be7 8. Nf3 0-0 9. 0-0 Bg4 10. Bxc6 bxc6 11. Qd3 Bxf3 12. Qxf3 cxd4 13. Bxd4 Ne4 14. Rd1 Ng5 15. Qd3 Ne6 16. Be3 Bf6 17. c3 Qa5 18. b4 Qa4 19. Nd2 a5 20. bxa5 Qxa5 21. Nb3 Qa3 22. Rd2 Rfb8 23. Rad1 Ra4 24. h3 Rc4 25. Rc2 h6 26. g3 h5 27. Kg2 g6 28. Kh2 h4 29. Qd2 Be5 30. Bd4 hxg3+ 31. fxg3 Nxd4 32. Nxd4 Bxd4 33. cxd4 Rxc2 34. Qxc2 0-1

[Event "Avoine op 30th"]
[Site "Avoine"]
[Date "2015.07.18"]
[Round "8"]
[White "Lebret, Jean Michel"]
[Black "Francois, Adrien"]
[Result "1-0"]
[WhiteElo "2096"]
[BlackElo "1932"]
[PlyCount "159"]
[EventDate "2015.07.18"]
[EventType "swiss"]
[EventRounds "9"]
[EventCountry "FRA"]
[SourceTitle "EXT 2016"]
[Source "ChessBase"]
[SourceDate "2015.10.08"]
[SourceVersion "1"]
[SourceVersionDate "2015.10.08"]
[SourceQuality "1"]

1. e4 c5 2. Bc4 e6 3. Qe2 a6 4. c3 b5 5. Bb3 c4 6. Bc2 Bb7 7. Nf3 Bc5 8. d4 cxd3 9. Bxd3 Qc7 10. Nbd2 d6 11. Nb3 Bb6 12. Bf4 e5 13. Be3 Nd7 14. 0-0 Ngf6 15. a4 0-0 16. Nfd2 Bxe3 17. Qxe3 Bc6 18. axb5 axb5 19. Qe2 Qb6 20. Rfd1 d5 21. exd5 Nxd5 22. Be4 f5 23. Rxa8 Bxa8 24. Bxd5+ Bxd5 25. Nc1 Qc6 26. Nf3 Nf6 27. Ne1 Qe8 28. Ncd3 e4 29. Nb4 Bc4 30. Qd2 Qh5 31. f3 Re8 32. Nbc2 h6 33. Ne3 Bb3 34. Ra1 Qg5 35. Nf1 e3 36. Qd4 Bc4 37. h4 e2 38. Qxc4+ bxc4 39. hxg5 exf1Q+ 40. Kxf1 hxg5 41. Ra5 Nh5 42. g4 Ng3+ 43. Kg1 f4 44. Ng2 Re2 45. Rxg5 Rxb2 46. Nxf4 Ne2+ 47. Nxe2 Rxe2 48. Rc5 Re3 49. Rxc4 Rxf3 50. Kg2 Rd3 51. Kf2 Kf7 52. Ke2 Rg3 53. Kf2 Rd3 54. Rf4+ Ke6 55. Rf3 Rd2+ 56. Ke3 Rc2 57. Kd4 Rd2+ 58. Kc4 Rg2 59. Re3+ Kd6 60. Re4 Rg1 61. Kd4 Rd1+ 62. Ke3 Rc1 63. c4 g5 64. Rd4+ Kc6 65. Ke4 Rf1 66. Ke5 Rf2 67. Rd6+ Kc7 68. Rf6 Rc2 69. Kf5 Kd7 70. Kxg5 Rxc4 71. Kh5 Ke7 72. g5 Rc1 73. Kg6 Rg1 74. Rf4 Rg2 75. Kh6 Rg1 76. g6 Rg2 77. Kg7 Rg1 78. Re4+ Kd7 79. Kh6 Rh1+ 80. Kg5 1-0

[Event "Avoine op 29th"]
[Site "Avoine"]
[Date "2014.07.23"]
[Round "5"]
[White "Haub, Thorsten Michael"]
[Black "Francois, Adrien"]
[Result "1-0"]
[WhiteElo "2429"]
[BlackElo "1733"]
[PlyCount "65"]
[EventDate "2014.07.19"]
[EventType "swiss"]
[EventRounds "9"]
[EventCountry "FRA"]
[SourceTitle "CBM 161 Extra"]
[Source "ChessBase"]
[SourceDate "2014.08.29"]
[SourceVersion "1"]
[SourceVersionDate "2014.08.29"]
[SourceQuality "1"]

1. Nf3 c5 2. g3 Nc6 3. Bg2 g6 4. 0-0 Bg7 5. c3 e5 6. e4 Nge7 7. d3 d6 8. Nbd2 0-0 9. Nh4 Be6 10. f4 Qd7 11. Ndf3 exf4 12. gxf4 d5 13. Qe2 Rad8 14. Qf2 d4 15. c4 b5 16. cxb5 Nb4 17. Ne1 f5 18. a3 Na2 19. exf5 gxf5 20. a4 Nb4 21. Bd2 Nbd5 22. Kh1 Bf6 23. Rg1 Kh8 24. Nef3 Qd6 25. Rae1 Bxh4 26. Nxh4 Rg8 27. Qe2 Bf7 28. Qe5+ Qxe5 29. Rxe5 Ng6 30. Nxg6+ hxg6 31. Bf3 Kg7 32. Rxf5 Ne3 33. Rxc5 1-0

[Event "Rennes op 7th"]
[Site "Rennes"]
[Date "2014.07.05"]
[Round "1"]
[White "Francois, Adrien"]
[Black "Le Goff, Damien"]
[Result "1-0"]
[WhiteElo "1733"]
[BlackElo "2266"]
[PlyCount "70"]
[EventDate "2014.07.05"]
[EventType "swiss"]
[EventRounds "9"]
[EventCountry "FRA"]
[SourceTitle "CBM 161 Extra"]
[Source "ChessBase"]
[SourceDate "2014.08.29"]
[SourceVersion "1"]
[SourceVersionDate "2014.08.29"]
[SourceQuality "1"]

1. e4 c5 2. Nf3 g6 3. c4 Bg7 4. d4 cxd4 5. Nxd4 Nc6 6. Be3 Nf6 7. Nc3 0-0 8. Be2 d6 9. 0-0 Bd7 10. Qd2 Nxd4 11. Bxd4 Bc6 12. f3 a5 13. Rab1 Nd7 14. Be3 Nc5 15. b3 f5 16. exf5 gxf5 17. Nd5 Rf7 18. Rbd1 b6 19. Bg5 Rb8 20. Qe3 Rb7 21. a3 h6 22. Bxh6 e6 23. Bg5 Qe8 24. b4 Na4 25. Nf4 Be5 26. Ng6 f4 27. Bxf4 Rxf4 28. Nxf4 Nc3 29. Rd2 Nxe2+ 30. Nxe2 Rg7 31. Nd4 Bb7 32. f4 Bxd4 33. Qxd4 axb4 34. axb4 Qa8 35. Qxd6 Bxg2 1-0

[Event "Domloup op-A"]
[Site "Domloup"]
[Date "2013.09.01"]
[Round "5"]
[White "Aubry, Yannis"]
[Black "Francois, Adrien"]
[Result "1-0"]
[WhiteElo "2170"]
[BlackElo "1643"]
[PlyCount "117"]
[EventDate "2013.08.30"]
[EventType "swiss"]
[EventRounds "5"]
[EventCountry "FRA"]
[SourceTitle "CBM 156 Extra"]
[Source "ChessBase"]
[SourceDate "2013.10.22"]
[SourceVersion "1"]
[SourceVersionDate "2013.10.22"]
[SourceQuality "1"]

1. c4 e5 2. Nc3 Nf6 3. Nf3 Nc6 4. e4 Bc5 5. Nxe5 Nxe5 6. d4 Bb4 7. dxe5 Nxe4 8. Qf3 d5 9. Bd3 Nxc3 10. a3 Bc5 11. bxc3 Be6 12. 0-0 dxc4 13. Be4 Rb8 14. Bc6+ bxc6 15. Qxc6+ Qd7 16. Qxc5 Qb5 17. Qxc7 0-0 18. a4 Qb3 19. Ba3 Rfd8 20. Bb4 a6 21. h3 Qc2 22. Rad1 Qxd1 23. Rxd1 Rxd1+ 24. Kh2 Rc8 25. Qa7 Rd2 26. Kg3 Rcd8 27. a5 h5 28. Bc5 R8d3+ 29. Kh2 Re2 30. Bd4 h4 31. Qb6 Kh7 32. Qd8 Re4 33. f3 Re2 34. Qxh4+ Kg8 35. Qd8+ Kh7 36. Kg3 Rdd2 37. Kf4 Rxg2 38. h4 Rh2 39. Qe7 Rde2 40. Be3 Reg2 41. Ke4 Rg3 42. Bf4 Re2+ 43. Be3 Rh2 44. Bf4 Re2+ 45. Be3 Rg1 46. Kf4 Rge1 47. Bd4 Re4+ 48. fxe4 Rf1+ 49. Kg3 Ra1 50. Qc7 Re1 51. Kf3 Rf1+ 52. Kg2 Rf4 53. Qc6 Rxh4 54. Qxa6 Rxe4 55. Qc6 Re2+ 56. Kg3 g5 57. a6 Rd2 58. a7 Rd3+ 59. Kf2 1-0

[Event "FRA-ch U12"]
[Site "Nimes"]
[Date "2012.04.15"]
[Round "3"]
[White "Ferrari, Louis"]
[Black "Francois, Adrien"]
[Result "1-0"]
[WhiteElo "1750"]
[BlackElo "1579"]
[PlyCount "119"]
[EventDate "2012.04.14"]
[EventType "swiss"]
[EventRounds "9"]
[EventCountry "FRA"]
[SourceTitle "CBM 148 Extra"]
[Source "ChessBase"]
[SourceDate "2012.06.22"]
[SourceVersion "1"]
[SourceVersionDate "2012.06.22"]
[SourceQuality "1"]

1. Nf3 Nf6 2. c4 e6 3. Nc3 d5 4. d4 c5 5. Bg5 cxd4 6. Qxd4 Nc6 7. Qd1 d4 8. Nb1 Qa5+ 9. Bd2 Qb6 10. Qc1 Ne4 11. g3 e5 12. Bg2 Nd6 13. c5 Qd8 14. cxd6 Bxd6 15. 0-0 Bd7 16. e3 Rc8 17. Qd1 Bg4 18. Qb3 Qd7 19. Re1 0-0 20. Na3 Rfe8 21. Nb5 Be6 22. Qd1 Bg4 23. Nxd6 Qxd6 24. h3 Bxf3 25. Bxf3 e4 26. Bg4 Rcd8 27. exd4 Nxd4 28. Bc3 f5 29. Qxd4 Qxd4 30. Bxd4 fxg4 31. Rad1 gxh3 32. Kh2 Re6 33. Be3 Rc8 34. Rc1 Rec6 35. Rxc6 Rxc6 36. Rc1 Rxc1 37. Bxc1 Kf7 38. Kxh3 Ke6 39. Kg4 a6 40. Kf4 Kd5 41. Bd2 b5 42. Bc3 g6 43. a3 h6 44. Bg7 g5+ 45. Ke3 h5 46. Bf6 h4 47. gxh4 gxh4 48. Bxh4 a5 49. Bd8 a4 50. Bf6 Ke6 51. Bc3 Kd5 52. Bh8 Kd6 53. Kxe4 Ke6 54. f4 Kf7 55. f5 Ke7 56. f6+ Ke6 57. Kd4 Kd6 58. Bg7 Ke6 59. Kc5 Kf7 60. Kxb5 1-0